Les Louis célèbres - Mort subite - Statistiques

Statistiques générales
  • Ce quiz a été pris 723 fois
  • Le résultat moyen est 7 sur 15
Answers on the Grid
Answers color-coded by a green-red scale on the quiz's grid according to % correct below.
de Funès
Boyard
Braille
Bertignac
Armstrong
Pasteur
Lépine
le Gros
Vuitton
Aliot
Aragon
Renault
de Broglie
Hachette
Bielle-Biarrey
Champollion
Danton
Bedos
Macron
Le Pen
Obama
Musk
de la Fayette
de Jérusalem
de la Fontaine
Lavoisier
Montagné
de Foucault
Guevara
le Chauve
 
Statistiques - réponses
Réponse % Correct
de Funès
85%
Vuitton
80%
Pasteur
70%
Armstrong
66%
Bertignac
65%
Boyard
59%
Aragon
53%
Braille
53%
le Gros
38%
Bielle-Biarrey
32%
Aliot
30%
Lépine
26%
Hachette
22%
de Broglie
18%
Renault
15%
Aucun quiz correspondant
Distribution des résultats
% des personnes avec chaque résultat
Percentile par nombre de réponses
Votre historique - résultats
Vous n’avez pas pris ce quiz